Countries with the Most Guns - Statistics

General Stats
  • This quiz has been taken 117 times
  • The average score is 19 of 25
Answer Stats
# Guns Country % Correct
393,300,000 United States
99%
49,700,000 China
93%
17,600,000 Russia
92%
12,700,000 France
90%
71,100,000 India
90%
12,700,000 Canada
89%
15,800,000 Germany
89%
16,800,000 Mexico
88%
17,500,000 Brazil
84%
5,900,000 Iran
80%
8,600,000 Italy
79%
7,600,000 Iraq
76%
5,400,000 South Africa
76%
3,900,000 Egypt
73%
5,500,000 Saudi Arabia
73%
4,400,000 Ukraine
72%
5,000,000 Colombia
71%
43,900,000 Pakistan
70%
13,200,000 Turkey
68%
6,200,000 Nigeria
64%
4,300,000 Afghanistan
61%
5,900,000 Venezuela
54%
10,300,000 Thailand
51%
14,900,000 Yemen
46%
3,800,000 Philippines
45%
No matching quizzes found
Score Distribution
Percent of People with Each Score
Percentile by Number Answered
Your Score History
You have not taken this quiz